000 00313nam a22001337a 4500
008 170923b xxu||||| |||| 00| 0 eng d
020 _a9780131991286
041 _aeng
080 _a37
100 _a46
101 _aEDU
245 _aPRINCIPLES OF LANGUAGE LEARNING AND TEACHING
_cBROWN, H.D
942 _2udc
_cBK
999 _c29464
_d29464